Diodes (Record no. 691)

MARC details
000 -LEADER
fixed length control field 00293nam a2200133Ia 4500
008 - FIXED-LENGTH DATA ELEMENTS--GENERAL INFORMATION
fixed length control field 191201s1969 xx 000 0 und d
082 ## - DEWEY DECIMAL CLASSIFICATION NUMBER
Classification number 621.38
Item number CLD
100 ## - MAIN ENTRY--PERSONAL NAME
Personal name CLIFFORD,Martin
245 #0 - TITLE STATEMENT
Title Diodes
260 ## - PUBLICATION, DISTRIBUTION, ETC. (IMPRINT)
Name of publisher, distributor, etc D.B Taraporevala
Date of publication, distribution, etc 1969
300 ## - PHYSICAL DESCRIPTION
Extent 64
650 ## - SUBJECT ADDED ENTRY--TOPICAL TERM
Topical term or geographic name as entry element Applied
942 ## - ADDED ENTRY ELEMENTS (KOHA)
Source of classification or shelving scheme Dewey Decimal Classification
Koha item type Text Books
Holdings
Withdrawn status Lost status Source of classification or shelving scheme Damaged status Not for loan Collection code Home library Current library Date acquired Source of acquisition Bill Number Total Checkouts Full call number Acc. no. / Barcode Date last seen Bill Date Koha item type Public note
    Dewey Decimal Classification     GENERAL PIET C-LIBRARY PIET C-LIBRARY 05/10/2010 Donated by N.D.SHARMA Donated by N.D.SHARMA   621.381 CLD 16643 04/12/2019 27/09/2010 Text Books Donated by N.D.SHARMA Handbook

Design & Developed by: PIET Central Library
R70 Miles Stone Pattikalyana Samalkha Panipat 132102
mail ID :- [email protected], Phone No:- 0180-2569700 Ex.216